| 000 | 00846nam a2200313 a 4500 | ||
|---|---|---|---|
| 003 | AR-BaBNM | ||
| 005 | 20251128203638.0 | ||
| 008 | 082120s2002 ||||||||||||||000 | spa|| | ||
| 040 | _cAR-BaBNM | ||
| 100 | 1 | _aVerner, Coolie | |
| 245 | 0 | 0 | _aEducación de adultos |
| 250 | _a1ª ed. | ||
| 260 |
_aBuenos Aires _bTroquel _c1971 |
||
| 300 | _a148 p. | ||
| 490 | 0 | _aBiblioteca de la nueva educación | |
| 500 | _aGlosario p. 141-146 | ||
| 650 | 4 | _aEDUCACION DE ADULTOS | |
| 650 | 4 | _aADULTOS | |
| 650 | 4 | _aCARACTERISTICAS DEL ADULTO | |
| 650 | 4 | _aEDUCADORES DE ADULTOS | |
| 650 | 4 | _aAPRENDIZAJE DE ADULTOS | |
| 650 | 4 | _aEVALUACION DEL PROGRAMA | |
| 653 | _aPROBLEMAS EDUCATIVOS | ||
| 700 | 1 | _aBooth, Alan | |
| 700 | 1 |
_aBrunner, Edmund de S. _eprologuista |
|
| 700 | 1 |
_aAlbert, Rosa _etraductor |
|
| 942 | _cBK | ||
| 998 | _cCarmen | ||
| 999 |
_c4305 _d4305 |
||